000 00532nam a2200193Ia 4500
003 OSt
005 20221007083116.0
006 a|||||r|||| 00| 0
007 ta
008 221006b |||||||| |||| 00| 0 eng d
024 _a22,911
037 _cDissertations
040 _aFLL
_cFLL
_beng
041 _2eng
_aeng
100 _aGupta Tirath Prakash
_9566571
245 0 _aFreedom of the high seas its relevance to the developing law of the sea.
942 _cDIS
_2CC
999 _c1168827
_d1168827